| 000 | 02389nam a2200409 a 4500 | ||
|---|---|---|---|
| 001 | 00192 | ||
| 003 | DO-SdBNP | ||
| 005 | 20200116083637.0 | ||
| 007 | 00192 | ||
| 008 | 091118s2001 dr 2001 000 0 spa d | ||
| 020 | _a8482613626 | ||
| 040 |
_aBPMSU _bspa _cBPMSU |
||
| 092 |
_a373.83 _bC957s 1ro. 2001 |
||
| 100 | _aCruz, Maria Ramona de la | ||
| 245 | 1 | 0 |
_aSociedad 1 : _bhistoria y geografía universal ; [educación media] / _cMaría Ramona de la Cruz, Ignacio Aybar ; prólogo Milagros Ortíz Bosch ; ed. Margarita Casto Catrain |
| 260 |
_aSanto Domingo : _bSantillana, _c2001. |
||
| 300 |
_a279 p. : _bil., mapas., retrs. ; _c28 cm. |
||
| 500 | _a1ero. media /Primer grado, Primer Ciclo | ||
| 505 | 0 |
_tUnidad 1. _tLas ciencias sociales -- _tUnidad 2. _tLa historia como ciencia -- _tUnidad 3. _tPreehistoria y orígenes de la humanidad -- _tUnidad 4. _tLas culturas clásicas de Oriente -- _tUnidad 5. _tLa civilización griega -- _tUnidad 6. _tLa civilización romana -- _tUnidad 7. _tEl imperio bizantino -- _tUnidad 8. _tOrigen y expansión del islam -- _tUnidad 9. _tLa sociedad feudal -- _tUnidad 10. _tLa dad moderna -- _tUnidad 11. _tLa edad contemporanea -- _tUnidad 12. _tEl siglo XX -- _tUnidad 13. _tIntroducción a la geografía -- _tUnidad 14. _tLocalización, límites y superficies -- _tUnidad 15. _tGeología y relieve de los continentes -- _tUnidad 16. _tHidrografía y climas -- _tUnidad 17. _tLa población mundial -- _tUnidad 18. _tEl mundo organizado -- _tUnidad 19. _tRecursos y medios geográficos -- _tUnidad 20. _tEl espacio económico mundial. |
|
| 650 | 4 |
_aCIENCIAS SOCIALES _xENSENAÑZA SECUNDARIA |
|
| 650 | 4 |
_aCIENCIAS SOCIALES _xEDUCACIÓN SECUNDARIA |
|
| 650 | 4 |
_aCIENCIAS SOCIALES _xLIBROS DE TEXTOS |
|
| 650 | 4 |
_aCIENCIAS SOCIALES _xESTUDIOS Y EJERCICIOS |
|
| 650 | 4 |
_aEDUCACIÓN SECUNDARIA _zREPÚBLICA DOMINICANA |
|
| 700 | 1 | 2 | _aAybar, Ignacio, |
| 700 | 1 | 2 |
_aOrtíz Bosch, Milagros, _epról. |
| 700 | 1 | 2 |
_aGarcía Escobar, Obdulia, _eed. |
| 910 | _aValidado. Control de calidad MFF | ||
| 930 | 1 |
_lBND01 _mLF1 _820091125 _f01 _pOI _g8470 |
|
| 930 | 1 |
_lBND01 _mLF1 _820091125 _f01 _pCT _g8469 |
|
| 930 | 1 |
_lBND01 _mLF1 _820091125 _f01 _pOI _g8469 |
|
| 942 |
_2ddc _cBK |
||
| 945 | _aRemanejado para la Bib. BNPHU, 2018/ YL | ||
| 956 |
_aYLOCKWARD _b10 _c20150622 _lBND01 _h1439 |
||
| 956 |
_aVMATEO _b10 _c20150629 _lBPMSU |
||
| 956 |
_aBRENDA TAVÁREZ _b10 _c20160414 _lBPMSU |
||
| 999 |
_c7938 _d7938 |
||